000 00434nam a2200169 a 4500
001 7645
005 20180713191537.0
008 140415s1992 000 0 spa d
041 _aspa
082 _a340.018
_bVIL
100 1 _aVilloro Toranzo, Miguel,.
245 1 0 _aMETODOLOGIA DEL TRABAJO JURIDICO
250 _a4a ed.
260 _a[s.l.] :
_bLIMUSA,
_c1992
300 _a125
650 1 4 _aDERECHO
_xMETODOLOGIA
999 _c7645
_d7645